Statistics for Guess 100 random Countries Map Quiz

Click here to take the quiz!

General Stats

  • This quiz has been taken 18 times
  • The average score is 58 of 100

Answers on the Map

Answers color-coded by a green-red scale on the quiz's map according to % correct below.
 

Answer Stats

Answer% Correct
China
88%
Usa
88%
Algeria
75%
Australia
75%
Belize
75%
Brazil
75%
Canada
75%
Chile
75%
Denmark
75%
Egypt
75%
France
75%
Germany
75%
Iceland
75%
Indonesia
75%
Italy
75%
Japan
75%
Madagascar
75%
Mexico
75%
New Zealand
75%
Niger
75%
Nigeria
75%
Oman
75%
Paraguay
75%
Philippines
75%
Russia
75%
Saudi Arabia
75%
South Africa
75%
South Korea
75%
Ukraine
75%
Venezuela
75%
Angola
63%
Argentina
63%
Bahamas
63%
Bangladesh
63%
Belarus
63%
Bolivia
63%
Colombia
63%
Croatia
63%
Cuba
63%
Ecuador
63%
Finland
63%
Greece
63%
India
63%
Iran
63%
Ireland
63%
Kazakstan
63%
Libya
63%
Morocco
63%
Netherlands
63%
North Korea
63%
Norway
63%
Pakistan
63%
Panama
63%
Peru
63%
Poland
63%
Portugal
63%
Spain
63%
United Kingdom
63%
Uruguay
63%
Yemen
63%
Benin
50%
Botswana
50%
Bulgaria
50%
Chad
50%
Czech Republic
50%
Guyana
50%
Hungary
50%
Jordan
50%
Maldives
50%
Moldova
50%
Mongolia
50%
Myanmar
50%
Nicaragua
50%
Papua New Guinea
50%
Romania
50%
Sudan
50%
Sweden
50%
Thailand
50%
Turkey
50%
Vietnam
50%
Zambia
50%
Austria
38%
Estonia
38%
Federated States of Micronesia
38%
Fiji
38%
Kiribati
38%
Lithuania
38%
Slovakia
38%
Slovenia
38%
Togo
38%
Costa Rica
25%
Honduras
25%
Lebanon
25%
Namibia
25%
Nauru
25%
Palau
25%
Tonga
25%
Tuvalu
25%
Vanuatu
25%
Marshall Islands
13%

Score Distribution

Percentile by Number Answered

Percent of People with Each Score

Your Score History

You have not taken this quiz